عرض عادي عرض مارك
  • Dimension theory (Topology)

مدخل مصطلح موضوعي

عدد التسجيلات المستخدمة في: 1

001 - رقم الضبط

  • حقل الضبط: 14533

003 - معرف رقم الضبط

  • حقل الضبط: OSt

005 - تاريخ ووقت أخر عملية

  • حقل الضبط: 20120520172855.0

008 - عناصر بيانات ثابتة الطول

  • حقل تحكم ثابت الطول: 120520|||a|||||| | ||| d

040 ## - مصدر الفهرسة

  • هيئة الفهرسة الأصلية: OSt
  • وكالة الكتابة: OSt

150 ## - مدخل-- مصطلح تاريخي

  • عنصر مدخل المصطلح الموضوعي او الاسم الجغرافي: Dimension theory (Topology)

670 ## - بيانات المصدر موجوده

  • الاستشهاد بالمصدر: Work cat.: (OSt)24260: Robinson, James C. (James Cooper), 1969- 14532, Dimensions, embeddings, and attractors /, 2011, p3s2011.